Os imortais da Literatura Universal (Record no. 250)

MARC details
000 -LÍDER
campo de controle de tamanho fixo 00869nam a2200229 4500
001 - NÚMERO DE CONTROLE
campo de controle 250
003 - IDENTIFICADOR DO NÚMERO DE CONTROLE
campo de controle OSt
005 - DATA E HORÁRIO DA ÚLTIMA TRANSAÇÃO
campo de controle 20250401100107.0
008 - CAMPO DE DADOS FIXOS--INFORMAÇÃO GERAL
campo de controle de tamanho fixo 250220b |||||||e |||| 00| 0 eng d
040 ## - FONTE DA CATALOGAÇÃO
Idioma da catalogação por
041 ## - CÓDIGO DE IDIOMA
Código do idioma do original e/ou traduções intermediárias do texto por
082 ## - CDD - CLASSIFICAÇÃO DECIMAL DE DEWEY
Número de Classificação 920
Número do exemplar I33
245 ## - TÍTULO
Título Os imortais da Literatura Universal
Restante do título Volume I
260 ## - PUBLICAÇÃO, DISTRIBUIÇÃO, ETC.
Local de publicação, distribuição, etc. São Paulo
Nome do editor, distribuidor, etc. Abril
Data da publicação, distribuição, etc. 1971
300 ## - DESCRIÇÃO FÍSICA
Extensão 283 p.
Outros detalhes físicos il.
490 1# - TÍTULO DA SÉRIE
Título da série Os imortais da literatura universal
Número do volume ou designação sequencial da série vol. 00
520 ## - NOTA DE RESUMO, ETC.
Resumo, etc. A obra apresenta as biografias resumidas dos autores presentes na coleção. Estão presentes neste volume: Boccacio, Cervantes, Fielding, Goethe, E. Brontë, Balzac, Dickens, Dumas, Flaubert, Dostoievski, Turguiniev, M. Assis, Conrad, Joyce, Collete, Thomas Mann, Hemingway
650 #0 - ASSUNTO--TERMO TÓPICO
Cabeçalho tópico ou nome geográfico Escritores
9 (RLIN) 460
655 #0 - TERMO DE ÍNDICE--GÊNERO E FORMA
Gênero/forma/ou termo foco Biografia
830 ## - ENTRADA SECUNDÁRIA DE SÉRIE--TÍTULO UNIFORME
Título uniforme Os Imortais da Literatura Universal
9 (RLIN) 461
Número do volume ou designação sequencial da série vol. 00
942 ## - ELEMENTOS DE ENTRADA ADICIONADOS (KOHA)
Fonte de classificação ou esquema de arquivamento Classificação decimal de Dewey
Ocultar no OPAC Não
Tipo de material Koha Livros
Holdings
Situação do descarte Situação das perdas Fonte de classificação ou esquema de arquivamento Status danificado Não pode ser emprestado Coleção Biblioteca de origem Biblioteca atual Localização na estante Data de aquisição Fonte de aquisição Total de empréstimos Número de chamada completo Código de barras Data de último acesso Data do preço efetivo Tipo de material Koha
    Classificação decimal de Dewey     Biografia Biblioteca Professor Eduardo Afonso de Castro Biblioteca Professor Eduardo Afonso de Castro Literatura Estrangeira 20.02.2025 doação   920 / I33 2025-17199 20.02.2025 20.02.2025 Livros

Powered by Koha